000 00515nam a2200181Ia 4500
008 120910t2003 xxu||||| |||| 00| 0 sin d
041 _asin
080 _a8 - 31 (eng)
_bDUG
100 _aDouglass,Frederick
245 _aවහල් නිදහසේ පෙරගමන්කරු
246 _aWahal Nidahase Peragamankaru
260 _aS. Godage
_aColombo
_c2003
300 _b72p, ill, 21 cm
700 _aMalkanthi,Edna
_etr.
942 _cBK
999 _c43199
_d43199
003 LK-CoDNM
040 _aLK-CoDNM
_dLK-CoDNM
_eLK-CoDNM